Does this Tripoint Exist? - Statistics

General Stats
  • This quiz has been taken 736 times
  • The average score is 10 of 14
Answer Stats
Hint Answer % Correct
Finland - Norway - Sweden Yes
91%
Belize - Guatemala - Mexico Yes
85%
Iraq - Kuwait - Saudi Arabia Yes
84%
D.R. Congo - Rwanda - Uganda Yes
82%
Colombia - Peru - Venezuela No
79%
Brazil - Paraguay - Uruguay No
78%
Albania - Bulgaria - Greece No
77%
Bangladesh - India - Myanmar Yes
77%
Brunei - Indonesia - Malaysia No
74%
Belarus - Latvia - Russia Yes
70%
Benin - Niger - Nigeria Yes
68%
Ivory Coast - Mali - Sierra Leone No
65%
Iran - Syria - Turkey No
56%
Belgium - France - Germany No
47%
No matching quizzes found
Score Distribution
Percent of People with Each Score
Percentile by Number Answered
Your Score History
You have not taken this quiz